000 01259nam a22002657a 4500
001 BINCO
003 CO-MdBIC
005 20220427212336.0
008 220427b2005 ck a|||| |||| 00| 0 spa d
020 _a9789587046762
040 _a CO-MdBIC
_bspa.
_cCO-MdBIC
_d CO-MdBIC
041 _aspa
082 _222
_a863
_bR666
100 _aRobledo, Beatriz Helena,
_d1958-
245 _aSiete cuentos maravillosos
_c/Robledo, Beatriz Helena, escritora
_f1958-
250 _aPrimera edición
260 1 _aBogotá, Colombia:
_balfaguara,
_c[2005]
260 4 _a© 2005
300 _a117 paginas;
_bilustraciones a color:
_c23 cm.
490 _anidos para la lectura
500 _aDurante esta etapa de tránsito entre el lenguaje oral y el escrito, los cuentos maravillosos le abren al lector nuevas posibilidades interpretativas y simbólicas. Compartir estas historias con los adultos cercanos es descubrir el poder de la literatura para entablar profundas conversaciones sobre la vida. Junto a las voces de los mayores que le leen, el niño irá descubriendo los recursos interiores que posee para explorar sus emociones, sus sueños y sus temores.
650 7 _9100
_aEducación infantil
700 _aClara Inés Ochoa
_eilustradora
942 _cLGB
999 _c67828
_d67828